000
00428nam a2200169Ia 4500
008
090123s9999 xx 000 0 und d
082
_b
5592
100
_a
जोशी आशा
245
_a
इसापनिती
250
_a
0
300
_a
136
600
_a
जोशी आशा
630
_a
इसापनिती
700
_a
जोशी आशा
730
_a
इसापनिती
942
_c
BOOK
999
_c
43656
_d
43656